000 00818nam a22002417a 4500
003 OSt
005 20210820110408.0
008 210309b 2020 dr 00| 0 spa d
020 _a9789945096569
040 _aDO-SdBNP
_bspa
_cBPMSU
082 4 _a158.1
_bS944c 2020
_222
100 1 _aSuero, Heraldo
245 1 0 _aCorona al líder destronando a la víctima :
_buna guía para vivir en exelencia /
_cHeraldo Suero ; ilustraciones Yocelín Ramírez
260 _aSanto Domingo :
_bBúho,
_c2020
300 _a224 p. :
_bil. ;
_c21 cm
500 _aIncluye datos biográficos del autor en la solapa de la cubierta
590 _aInventariado, 2021/VM
650 4 _aTécnicas de autoayuda
650 4 _aAutorrealización (Psicología)
700 _aRamìrez, Yocelìn
_eIlustraciones
910 _a VMateo V.
942 _2ddc
_cBK
999 _c13672
_d13672